00683nam a2200241 a 4500001001300000003000900013005001700022008004100039020001000080082002100090100002000111245002900131260003200160300000900192500003500201505001000236650002300246700002000269902000800289942000700297952012200304999001500426nice12345678IN_TiNIC20260116012931.0050524s0000 lona grp 000 0 per  ac10000a909.0491411bNIZ aNizrani, Vaheed aHind Ya Sarzameen Ashraq aLondon bNo Publisherc0000 a134p aincludes index and biblioraphy2 aIndex aCivilization-India1 aNizrani, Vaheed bSRS cBK 001040708StackRoom-aHMIbHMId2007-06-05g100.00l0o909.0491411 NIZp013857r2007-06-05v100.00w2005-05-24yBK c8951d8951